| 000 | 00358nam a22001337a 4500 | ||
|---|---|---|---|
| 020 | _a978-12-192197-8 | ||
| 082 | _a425 | ||
| 100 | _aWren, P. C. | ||
| 245 | _aHigh School English Grammar & Composition | ||
| 260 |
_aNew Delhi: _bS. Chand & Company Ltd, _c2003 |
||
| 300 | _aviii, 418p.: ill.; 24cm | ||
| 700 | _aMartin H. & Rao, N.D.V. Prasada | ||
| 942 | _cBK | ||
| 999 |
_c22164 _d22164 |
||